| 000 | 00496nam a22001697a 4500 | ||
|---|---|---|---|
| 005 | 20260228142301.0 | ||
| 010 | _aBACCHEN26 | ||
| 020 |
_a9789357319560 _c999.00 |
||
| 037 | _bHachette | ||
| 082 |
_21 _aS |
||
| 245 | _a50 Greatest Horror and Supernatural Stories | ||
| 260 |
_aGurugram _bHachette Book Publishing Pvt. Ltd. _c2026 |
||
| 270 |
_a4th&5th Floors, Corporate Centre Plot No. 94, Sector 44, _bGurugram _e122003 |
||
| 300 |
_a646p. _c21cm(hb) |
||
| 760 | _b1 | ||
| 942 |
_2ddc _cEN _mGRE _e1 |
||
| 999 |
_c215217 _d215217 |
||